000 00813nam a2200217 i 4500
001 63789
003 ES-MaACL
005 20250905063042.0
007 t|
008 031216s1958 sp ||||1| spa d
100 1 _aFigueras Pacheco, Francisco,
_d1880-1960
_950766
245 1 4 _aLos antiguos gremios de la ciudad de Alicante /
_cFrancisco Figueras Pacheco.
260 _aAlicante :
_bInstituto de Estudios Alicantinos,
_c[1958] (
_fSuc. de Such)
300 _a139 p. ;
_c21 cm.
490 1 _aPublicaciones del Instituto de Estudios Alicantinos ;
_v9
650 4 _aGremios-
_zAlicante.
_9166826
710 2 _aInstituto de Estudios Alicantinos.
_94886
830 0 _aPublicaciones del Instituto de Estudios Alicantinos ;
_v9
_9182064
852 _aES-MaACL
_jC-16069
_bR.42041
999 _c63789
_d63789